000 nam a22 7a 4500
999 _c50192
_d50192
003 OSt
005 20201007123515.0
008 201007b xxu||||| |||| 00| 0 eng d
040 _cSERO SOFT
100 _aTRIPATHI, T.P
245 _aTRANSFER OF PROPERTY ACT (HINDI)
260 _aALA
_bALA
300 _a448
942 _2ddc
_c02